000 00478nam a2200181Ia 4500
001 13302
005 20260306164751.0
008 260306t2002||||xx |||||||||||||| ||spa||
041 _aESP
082 _a001.42
_bM43
100 _aMercado H., Salvador
_eAUT
245 0 _a¿Cómo hacer una tesis?:
_btesinas, informes, memorias, seminarios de investigación y monografías
260 _c2002
300 _a
_c
650 _aGEN
654 _aCHU
942 _cLIB
_dJUS
_fJUS
_2ddc
_n
999 _c13302
_d13302